Online
Catalog

Plan de uso y gestión del parque nacional de los Haitises y áreas periféricas : (Record no. 2530)

MARC details
000 -CABECERA
campo de control de longitud fija 01509nam a2200325 u 4500
001 - NÚMERO DE CONTROL
campo de control 000002694
003 - IDENTIFICADOR DEL NÚMERO DE CONTROL
campo de control OSt
005 - FECHA Y HORA DE LA ÚLTIMA TRANSACCIÓN
campo de control 20250909091242.0
008 - DATOS DE LONGITUD FIJA--INFORMACIÓN GENERAL
campo de control de longitud fija 090703s1991 dr bd r 000 0 spa d
040 ## - FUENTE DE LA CATALOGACIÓN
Centro catalogador/agencia de origen DO-SdBNP
Lengua de catalogación spa
Centro/agencia transcriptor BNPHU
082 ## - NÚMERO DE LA CLASIFICACIÓN DECIMAL DEWEY
Número de clasificación 333.783
Número de documento/Ítem P699u
Número de edición 22
245 00 - MENCIÓN DE TÍTULO
Título Plan de uso y gestión del parque nacional de los Haitises y áreas periféricas :
Resto del título documento de síntesis /
Mención de responsabilidad, etc. coordinación Joaquín Hernández de la Obra ; colaboración Antonio Fajardo de la Fuente, Rafael Cámara Artiguas.
260 ## - PUBLICACIÓN, DISTRIBUCIÓN, ETC.
Lugar de publicación, distribución, etc. Santo Domingo :
Nombre del editor, distribuidor, etc. Dirección Nacional de Parques,
Fecha de publicación, distribución, etc. 1991.
300 ## - DESCRIPCIÓN FÍSICA
Extensión 381, (11 h.) p. :
Otras características físicas il., mapa, diagrs. ;
Dimensiones 23 cm.
500 ## - NOTA GENERAL
Nota general Incluye referencias bibliográfcas
500 ## - NOTA GENERAL
Nota general Contiene 11 hojas plegables
504 ## - NOTA DE BIBLIOGRAFÍA, ETC.
Nota de bibliografía, etc. Bibliografía : p. 378-381
590 ## - NOTA LOCAL (RLIN)
Nota local Inventariado, 2018/LP
610 14 - PUNTO DE ACCESO ADICIONAL DE MATERIA--NOMBRE DE ENTIDAD CORPORATIVA
Nombre de entidad corporativa o nombre de jurisdicción como elemento de entrada Parque Nacional de los Haitises (La Romana, República Dominicana)
9 (RLIN) 8503
Subdivisión geográfica
650 #0 - PUNTO DE ACCESO ADICIONAL DE MATERIA--TÉRMINO DE MATERIA
Término de materia o nombre geográfico como elemento de entrada Parques Nacionales
Subdivisión geográfica República Dominicana
9 (RLIN) 7049
650 #4 - PUNTO DE ACCESO ADICIONAL DE MATERIA--TÉRMINO DE MATERIA
Término de materia o nombre geográfico como elemento de entrada Planificación de parques nacionales
Subdivisión geográfica República Dominicana
9 (RLIN) 8504
650 #4 - PUNTO DE ACCESO ADICIONAL DE MATERIA--TÉRMINO DE MATERIA
Término de materia o nombre geográfico como elemento de entrada Reservas forestales
Subdivisión geográfica La Romana (República Dominicana)
9 (RLIN) 77400
700 1# - PUNTO DE ACCESO ADICIONAL--NOMBRE DE PERSONA
Nombre de persona Hernández de la Obra, Joaquín
9 (RLIN) 8505
700 1# - PUNTO DE ACCESO ADICIONAL--NOMBRE DE PERSONA
Nombre de persona Fajardo de la Fuente, Antonio
9 (RLIN) 8506
700 1# - PUNTO DE ACCESO ADICIONAL--NOMBRE DE PERSONA
Nombre de persona Cámara Artiguas, Rafael
9 (RLIN) 8507
710 2# - PUNTO DE ACCESO ADICIONAL--NOMBRE DE ENTIDAD CORPORATIVA
Nombre de entidad corporativa o nombre de jurisdicción como elemento de entrada Dirección Nacional de Parques (República Dominicana )
9 (RLIN) 77398
710 2# - PUNTO DE ACCESO ADICIONAL--NOMBRE DE ENTIDAD CORPORATIVA
Nombre de entidad corporativa o nombre de jurisdicción como elemento de entrada Agencia Española de Cooperación Internacional
9 (RLIN) 34585
910 ## - DATOS DE OPCIÓN DEL USUARIO (OCLC)
Datos de opción del usuario VMateo Validado. Control de calidad MMOLINA
942 ## - ELEMENTOS DE PUNTO DE ACCESO ADICIONAL (KOHA)
Fuente del sistema de clasificación o colocación Dewey Decimal Classification
Tipo de ítem Koha Libro
Holdings
Estado de retiro Estado de pérdida Fuente del sistema de clasificación o colocación Restricciones de uso No para préstamo Código de colección Localización permanente Ubicación/localización actual Ubicación en estantería Fecha de adquisición Fuente de adquisición Número de inventario Total de préstamos Signatura topográfica completa Código de barras Fecha visto por última vez Precio válido a partir de Tipo de ítem Koha Número de copia
    Dewey Decimal Classification Préstamo en sala   Dominicana de Servicio Biblioteca Nacional Pedro Henríquez Ureña General Depósito 24.11.2020 Dominico-Americano     BNPHU DS 333.783 P699u 2020-0583 24.11.2020 24.11.2020 Libro y Folleto Colección Dominicana de Servicio e.3
    Dewey Decimal Classification Excluido de préstamo Excluido de préstamo Patrimonio Dominicano Biblioteca Nacional Pedro Henríquez Ureña Patrimonio Dominicano Depósito 03.07.2009   BNPHU PD 333.783 P699u 2694-10 25.06.2020 25.06.2020 Libro y Folleto Colección Patrimonio Dominicano  
    Dewey Decimal Classification Préstamo restringido Préstamo restrigido Patrimonio Dominicano Biblioteca Nacional Pedro Henríquez Ureña Patrimonio Dominicano Depósito 24.11.2020       BNPHU PD 333.783 P699u 2020-0582 24.11.2020 24.11.2020 Libro y Folleto Colección Patrimonio Dominicano e. 2

Powered by Koha